000 00344nam a2200133Ia 4500
008 231129s9999||||xx |||||||||||||| ||spa||
020 _a84-206-2103-X
040 _bspa
082 _a401 A464f
100 _aAlston William P.
245 0 _aFilosofia del lenguaje
264 _aAlianza
942 _2ddc
_cBKS
999 _c13972
_d13972